000 01252cam a22001694a 4500
005 20250605163324.0
008 250528s ||||||||||||||||||||||||d
035 _a16858
040 _aGR-AtMCL
_bgre
_dGR-AtMCL
_eAACR2
245 1 _aCariera 7 σε 1 ECDL / Business & Computing School
260 _bΓκιούρδας,
_c2003
300 _a114
520 _aΒασικές Έννοιες Πληροφορικής, Windows XP, Word 2003, Excel 2003, Access 2003, Power point 2003, Internet. Περιέχει CD-ROM. Βασικές 'Εννοιες της Πληροφορικής, Χρήση του Υπολογιστή και Διαχείριση Αρχείων με τα Ελληνικά MS Windows, Επεξεργασία Κειμένου με Χρήση του Ελληνικού MSWord 2003, Υπολογιστικά Φύλλα με Χρήση του Ελληνικού NS Excel 2003, Βάσεις Δεδομένων με τη Χρήση της Ελληνικής Microsoft Access 2003, Παρουσιάσεις με Χρήση του Ελληνικού Microsoft Power point 2003, Διαχείριση Πληροφοριών και Επικοινωνίες με τον Internet Explorer 6.
942 _cBK
999 _c2310
_d2310